00396cam a22001097a 4500008004000000082001400040100002200054245013100076260003700207300001000244650003200254180718b1926 xxu||||| |||| 00| 0 eng d aC4x4 Ay99 aAyyar, N.R. Subba aThe Chief constitutions of Europe and the British Commonwealth: a brief study of their origin and workingcby N.R. Subba Ayyar aKumbakonhambM. Ramanathanc1926 a139p. aConstitutional law - Europe